000 00687nam a22002177a 4500
005 20150508164412.0
008 140714b xxu||||| |||| 00| 0 Urdu d
010 _aUR-8874
020 _c100.00
_a9788192420295
035 _aU-7429
037 _bBPPD/Pub/Ven
040 _aDPL
_bUrdu
082 _a840.8
100 _aقا ضی حبيب احمد
245 _aفيضا ن ا د ب
_cقا ضی حبيب احمد
246 _aFaizan-e-Adab
_bBy Qazi Habeeb Ahmed
260 _bApplied Books
_c2013
_aNew Delhi
270 _a1739/10,Pataudi House,Darya Ganj
_bNew Delhi
_k9444318785
_e110002
300 _a192ص
_c22Cm (Hb)
942 _2ddc
_cUR
_e
_h840.8
_mق ا ض
999 _c93449
_d93449